UM Logo

Dictatorship and revolution : (Record no. 20225)

MARC details
000 -LEADER
fixed length control field 00834nam a22002057a 4500
008 - FIXED-LENGTH DATA ELEMENTS--GENERAL INFORMATION
fixed length control field 240507b ||||| |||| 00| 0 eng d
020 ## - INTERNATIONAL STANDARD BOOK NUMBER
International Standard Book Number 9919108018
082 ## - DEWEY DECIMAL CLASSIFICATION NUMBER
Classification number DFil 321.9599
Item number D36 1988
100 ## - MAIN ENTRY--PERSONAL NAME
Personal name De Dios, Aurora Javate.
9 (RLIN) 56905
245 ## - TITLE STATEMENT
Title Dictatorship and revolution :
Remainder of title roots of people's power /
Statement of responsibility, etc. Aurora Javate-De Dios, Petronilo BN. Daroy, and Lorna Kalawa-Tirol.
250 ## - EDITION STATEMENT
Edition statement First edition.
260 ## - PUBLICATION, DISTRIBUTION, ETC. (IMPRINT)
Place of publication, distribution, etc. Metro Manila :
Name of publisher, distributor, etc. Conspectus Foundation Incorporated /
Date of publication, distribution, etc. ©1988.
300 ## - PHYSICAL DESCRIPTION
Extent xvi, 902 pages :
Other physical details illustrations ;
Dimensions 22 cm.
500 ## - GENERAL NOTE
General note Includes bibliography and index.
650 ## - SUBJECT ADDED ENTRY--TOPICAL TERM
Geographic subdivision Philippines
General subdivision Political economy
-- 966-1987.
9 (RLIN) 57283
650 ## - SUBJECT ADDED ENTRY--TOPICAL TERM
Geographic subdivision Philippines
General subdivision History
-- 1972-1986.
9 (RLIN) 57284
700 ## - ADDED ENTRY--PERSONAL NAME
Personal name Daroy, Petronilo BN.
Relator term author.
9 (RLIN) 56906
700 ## - ADDED ENTRY--PERSONAL NAME
Personal name Kalaw-Tirol, Lorna.
Relator term author.
9 (RLIN) 56907
942 ## - ADDED ENTRY ELEMENTS (KOHA)
Source of classification or shelving scheme Dewey Decimal Classification
Koha item type Filipiniana
Holdings
Withdrawn status Lost status Source of classification or shelving scheme Damaged status Not for loan Collection code Home library Current library Date acquired Source of acquisition Total Checkouts Full call number Barcode Date last seen Copy number Price effective from Koha item type
    Dewey Decimal Classification     Filipiniana UM Digos College - LIC UM Digos College - LIC 05/07/2024 Purchased   DFil 321.9599 D36 1988 15057 05/15/2025 3 05/07/2024 Filipiniana
    Dewey Decimal Classification     Filipiniana UM Digos College - LIC UM Digos College - LIC 05/07/2024 Purchased   DFil 321.9599 D36 1988 15056 05/15/2025 2 05/07/2024 Filipiniana
    Dewey Decimal Classification     Filipiniana UM Digos College - LIC UM Digos College - LIC 05/07/2024 Purchased   DFil 321.9599 D36 1988 15055 05/15/2025 1 05/07/2024 Filipiniana